Sports Quiz

Random Sports or Country Quiz

Top Ranked Tennis Player by Country Quiz Stats

 Plays Quiz Updated Feb 1, 2021

Support Sporcle.
Go Orange.
Score 0/76 Timer 10:00
0 Plays Today
Country Player % Correct
SwitzerlandRoger Federer
92.6%
SpainRafael Nadal
91%
USAPete Sampras
87.6%
SerbiaNovak Đoković
83.1%
UKAndy Murray
80.9%
AustraliaLleyton Hewitt
74.4%
SwedenBjörn Borg
73.1%
GermanyBoris Becker
68.4%
RussiaMarat Safin
59.2%
Czechia*Ivan Lendl
55.9%
BrazilGustavo Kuerten
53.1%
GreeceStefanos Tsitsipas
52.8%
JapanKei Nishikori
50.3%
CanadaMilos Raonic
45.4%
CyprusMarcos Baghdatis
43.5%
FranceYannick Noah
40.7%
RomaniaIlie Năstase
39.4%
CroatiaGoran Ivanišević
39.3%
AustriaThomas Muster
37.8%
ChileMarcelo Ríos
37.3%
BulgariaGrigor Dimitrov
34.2%
ArgentinaGuillermo Vilas
33.9%
BelgiumDavid Goffin
32.7%
LatviaErnests Gulbis
30.3%
LuxembourgGilles Müller
23.5%
FinlandJarkko Nieminen
23.1%
South AfricaKevin Anderson
21.9%
UzbekistanDenis Istomin
17.7%
PortugalJoão Sousa
16.8%
Bosnia & HerzegovinaDamir Džumhur
16.6%
JamaicaDustin Brown
16.5%
UkraineAndrei Medvedev
15.9%
TaiwanYen-hsun Lu
15.8%
MoldovaRadu Albot
15.6%
BelarusMax Mirnyi
15.5%
EcuadorAndrés Gómez
15.3%
BahamasMark Knowles
14.7%
ThailandParadorn Srichaphan
13.8%
Country Player % Correct
ZimbabweByron Black
13.8%
UruguayPablo Cuevas
12.2%
South KoreaChung Hyeon
12.1%
TunisiaMalek Jaziri
11%
ItalyAdriano Panatta
11%
MoroccoYounes El Aynaoui
10.9%
LithuaniaRičardas Berankis
9.8%
NorwayCasper Ruud
9.1%
NetherlandsTom Okker
9%
ColombiaSantiago Giraldo
8.6%
Dominican RepublicVictor Estrella Burgos
8.6%
SlovakiaMiloslav Mečíř
8.4%
KazakhstanAndrey Golubev
8.1%
IndiaVijay Amritraj
6.9%
TurkeyMarsel İlhan
6.6%
ArmeniaSargis Sargsian
6.5%
GeorgiaNikoloz Basilashvili
6.5%
EstoniaJurgen Zopp
6%
New ZealandChris Lewis
5.6%
PolandWojciech Fibak
5.5%
MexicoRaúl Ramírez
5.4%
HaitiRonald Agénor
4.8%
DenmarkKenneth Carlsen
4.8%
SloveniaGrega Žemlja
4.7%
MonacoJean-René Lisnard
4.4%
IsraelAmos Mansdorf
3.9%
ParaguayVíctor Pecci
3.8%
BoliviaMario Martinez
2.9%
PeruJaime Yzaga
2.9%
HungaryBalázs Taróczy
2.5%
Costa RicaJuan Antonio Marín
2.4%
SenegalYahiya Doumbia
1.8%
PhillippinesCecil Mamiit
1.7%
EgyptIsmail El Shafei
1.6%
NigeriaNduka Odizor
1.5%
VenezuelaNicolás Pereira
1.4%
KenyaPaul Wekesa
0.9%
PakistanHaroon Rahim
0.8%

You're not logged in!

Compare scores with friends on all Sporcle quizzes.
OR
Log In

From the Vault

Character in Wrong Book!

by MSUKent

We can't wait until someone accidentally publishes 'Huckleberry's Adventures in Wonderland'.
Remove Ads.
Support Sporcle.
Get the best of Sporcle when you Go Orange. This ad-free experience offers more features, more stats, and more fun while also helping to support Sporcle. Thank you for becoming a member.

Show Comments

Extras

Top Quizzes Today


Score Distribution

Your Account Isn't Verified!

In order to create a playlist on Sporcle, you need to verify the email address you used during registration. Go to your Sporcle Settings to finish the process.

Report this User

Report this user for behavior that violates our Community Guidelines.

Details: